Testovanie mikroprocesorových zabezpečovacích zariadení

Podrobná bibliografia
Hlavní autori: Kribľová, Izabela (Autor), Tarnai, Géza (Autor)
Médium: Článok
Jazyk:slovenčina
Fyzický popis:Sch. 4. Res. slov., rus., nem., angl., lit. 6 zázn. v slov., maď., nem., angl.
Predmet:

MARC

LEADER 00000nab a2200000 a 4500
001 vtls000351588
003 SK-MaSNL
005 20260304195519.0
008 160204c1985 xo 0 slo
015 |a SNBRA19rr/mm-uuuuu 
035 |a CL0351710 
040 |a SNKBUCL  |b slo  |c SNKBUCL  |e AACR2 
041 0 |a slo 
044 |a xo  |c SK 
080 |a 658.25:681.518  |2 1981 
080 |a 681.518  |2 1981 
100 1 |a Kribľová, Izabela  |4 aut  |9 1530336 
245 1 0 |a Testovanie mikroprocesorových zabezpečovacích zariadení  |c Kribľová Izabela, Géza Tarnai ; Izabela Kribľová 
300 |b Sch. 4. Res. slov., rus., nem., angl., lit. 6 zázn. v slov., maď., nem., angl. 
650 0 7 |a bezpečnostné systémy  |2 SNKPH  |9 78869 
650 0 7 |a železnice  |2 SNKPH  |9 20511 
650 0 7 |a železničná doprava  |2 SNKPH  |9 3185 
655 7 |a články zo zborníkov  |2 snkbucl  |9 166140 
700 1 |a Tarnai, Géza  |4 aut  |9 792860 
700 1 |a Kribľová, Izabela  |4 aut  |9 1530336 
773 0 |t Medzinárodná spolupráca Vysokej školy dopravy a spojov v Žiline. 35. výročie založenia školy  |d Bratislava : Alfa, 1985  |g S. 265-272 
850 |a Slovenská národná knižnica v Martine  |a MTA001 
852 |a SNK  |b KIS3GCP 
958 |a NB 
958 |a RK 
958 |a HU 
992 |a RZB 
999 |c 3081901  |d 3083831